Семейное право: учебное пособие

Bibliografiske detaljer
Hovedforfatter: Кубанкина Е. И. Евгения Ивановна
Andre forfattere: Павленко В. В. Валерия Вячеславовна
Summary:Исключено из фонда НТБ ТПУ
Sprog:russisk
Udgivet: Москва, Дашков и К, 2007
Format: MixedMaterials Bog
KOHA link:https://koha.lib.tpu.ru/cgi-bin/koha/opac-detail.pl?biblionumber=123859

MARC

LEADER 00000nam0a2200000 4500
001 123859
005 20231031130647.0
010 |a 9785911314804 
035 |a (RuTPU)RU\TPU\book\134049 
090 |a 123859 
100 |a 20071024d2007 m y0rusy50 ca 
101 0 |a rus 
102 |a RU 
105 |a y j 001zy 
200 1 |a Семейное право  |e учебное пособие  |f Е. И. Кубанкина, В. В. Павленко 
210 |a Москва  |c Дашков и К  |d 2007 
215 |a 240 с. 
333 |a Исключено из фонда НТБ ТПУ 
700 1 |a Кубанкина  |b Е. И.  |g Евгения Ивановна 
701 1 |a Павленко  |b В. В.  |g Валерия Вячеславовна 
801 1 |a RU  |b 63413507  |c 20071024  |g PSBO 
801 2 |a RU  |b 63413507  |c 20210930  |g PSBO 
942 |c BK 
959 |a 70/20071010  |d 2  |e 110,00  |f АНЛ:1  |f ЧЗГЛ:1